Tricks & Techniques of group discussion (Record no. 13843)
[ view plain ]
| 000 -LEADER | |
|---|---|
| fixed length control field | 00390nam a22001577a 4500 |
| 003 - CONTROL NUMBER IDENTIFIER | |
| control field | OSt |
| 008 - FIXED-LENGTH DATA ELEMENTS--GENERAL INFORMATION | |
| fixed length control field | 260209b |||||||| |||| 00| 0 eng d |
| 020 ## - INTERNATIONAL STANDARD BOOK NUMBER | |
| ISBN | 9788183482912 |
| 082 ## - DEWEY DECIMAL CLASSIFICATION NUMBER | |
| Classification number | 658.311 |
| Item number | HUN/TR |
| 100 ## - MAIN ENTRY--AUTHOR NAME | |
| Personal name | Hundiwala S |
| 245 ## - TITLE STATEMENT | |
| Title | Tricks & Techniques of group discussion |
| 260 ## - PUBLICATION, DISTRIBUTION, ETC. (IMPRINT) | |
| Place of publication | Meerut |
| Name of publisher | Arihant publications |
| 300 ## - PHYSICAL DESCRIPTION | |
| Number of Pages | 223 |
| 942 ## - ADDED ENTRY ELEMENTS (KOHA) | |
| Koha item type | Books |
| Withdrawn status | Lost status | Damaged status | Collection code | Home library | Current library | Shelving location | Date acquired | Source of acquisition | Cost, normal purchase price | Full call number | Accession Number | Koha item type |
|---|---|---|---|---|---|---|---|---|---|---|---|---|
| Non-fiction | KAUAET | KAUAET | General Stacks | 31/03/2012 | Penta Books,Calicut | 90.00 | 658.311 HUN/TR | 23467 | Books |
